[Event "Challenge"]
[Site "http://www.queenalice.com/game.php?id=866281"]
[Date "2010.12.1"]
[Round "-"]
[White "yeye2"]
[Black "wombat"]
[Result "0-1"]
[WhiteElo "1612"]
[BlackElo "2186"]

1. g3 Nf6 2. Nc3 d5 3. Bh3 Bxh3 4. Nxh3 d4 5. Na4 Qd7 6. c3 Qxh3 7. cxd4 Qg2 8.
Rf1 Ng4 9. Qb3 Nxh2 10. d3 Qxf1+ 11. Kd2 b6 12. Qd5 c6 13. Qf5 Nd7 14. f3 g6 15.
Qf4 Rc8 16. d5 cxd5 17. Qd4 Bh6+ 18. e3 Nxf3# 0-1

[Event "Challenge"]
[Site "http://www.queenalice.com/game.php?id=874200"]
[Date "2010.12.20"]
[Round "-"]
[White "anmarton"]
[Black "wombat"]
[Result "0-1"]
[WhiteElo "1989"]
[BlackElo "2187"]

1. e4 c6 2. d4 d5 3. exd5 cxd5 4. c4 Nf6 5. Nc3 e6 6. Nf3 Be7 7. Bd3 dxc4 8.
Bxc4 O-O 9. O-O Nc6 10. a3 b6 11. Bf4 Na5 12. Be2 Bb7 13. b4 Rc8 14. Nb5 Nc6 15.
Rc1 Nd5 16. Bd2 a6 17. Nc3 Bf6 18. Nxd5 Qxd5 19. Bc4 Qd7 20. b5 Nxd4 21. Nxd4
Qxd4 22. bxa6 Bxg2 23. Kxg2 Rxc4 24. Be3 Qg4+ 25. Qxg4 Rxg4+ 26. Kf3 Ra4 27. a7
Rxa7 28. Bxb6 Rxa3+ 29. Kg2 Rb8 30. Rc7 Ra1 31. Rxa1 Bxa1 32. Ba7 Ra8 33. h4 h5
34. Rb7 Bf6 35. Kg3 Rc8 36. Rb5 Rc3+ 37. f3 g6 38. Rb4 Kg7 39. Re4 Ra3 40. Bf2
g5 41. hxg5 Bxg5 42. Bd4+ Kg6 43. Bf2 h4+ 44. Kg2 h3+ 45. Kg3 h2 46. Re1 Kf5 47.
Bc5 Bf4+ 48. Kg2 Rc3 49. Bd4 Rc2+ 50. Kh1 e5 51. Be3 Bxe3 52. Rxe3 Kf4 53. Re4+
Kg3 54. Rg4+ Kh3 0-1

[Event "Challenge"]
[Site "http://www.queenalice.com/game.php?id=876012"]
[Date "2010.12.24"]
[Round "-"]
[White "yeye2"]
[Black "wombat"]
[Result "0-1"]
[WhiteElo "1598"]
[BlackElo "2176"]

1. e3 c5 2. Nc3 d5 3. d4 Nf6 4. Bb5+ Nc6 5. dxc5 e5 6. Na4 Qa5+ 7. Nc3 Bxc5 8.
Bxc6+ bxc6 9. f3 d4 10. Ne2 dxc3 11. Nxc3 Ba6 12. h4 Rd8 13. Bd2 Qc7 14. Qc1 e4
15. Nxe4 Nxe4 16. fxe4 Qg3+ 17. Kd1 Qg4+ 0-1

[Event "Challenge"]
[Site "http://www.queenalice.com/game.php?id=879352"]
[Date "2010.12.31"]
[Round "-"]
[White "PROFILER"]
[Black "wombat"]
[Result "0-1"]
[WhiteElo "2193"]
[BlackElo "2177"]

1. e4 c6 2. d4 d5 3. e5 Bf5 4. Nf3 e6 5. Bd3 Bxd3 6. Qxd3 Qa5+ 7. c3 Qa6 8. Qxa6
Nxa6 9. Be3 Ne7 10. O-O Nf5 11. Nbd2 c5 12. a3 Rc8 13. Rac1 Be7 14. b4 cxb4 15.
cxb4 Kd7 16. Nb3 b6 17. g4 Nxe3 18. fxe3 Rxc1 19. Rxc1 Nc7 20. Nbd2 Ra8 21. Nb3
Nb5 22. a4 Na3 23. b5 a6 24. Rc6 Bd8 25. Rd6+ Ke8 26. bxa6 Nc4 27. Rc6 Kd7 0-1

[Event "Challenge"]
[Site "http://www.queenalice.com/game.php?id=880618"]
[Date "2011.1.3"]
[Round "-"]
[White "wombat"]
[Black "anmarton"]
[Result "1-0"]
[WhiteElo "2186"]
[BlackElo "2173"]

1. d4 Nf6 2. c4 e6 3. Nc3 d5 4. Bg5 Be7 5. cxd5 exd5 6. e3 O-O 7. Bd3 Be6 8.
Nge2 c5 9. dxc5 Bxc5 10. O-O Nbd7 11. Rc1 Rc8 12. Bb1 Re8 13. Nf4 Nf8 14. Nfxd5
Bxd5 15. Bxf6 Qxf6 16. Qxd5 b6 17. Qf5 Qxf5 18. Bxf5 Rcd8 19. Rfd1 g6 20. Be4
Ne6 21. Bd5 a6 22. Ne4 Be7 23. Bxe6 fxe6 24. Kf1 Rxd1+ 25. Rxd1 Rd8 26. Rxd8+
Bxd8 27. Ke2 Be7 28. Kd3 Kf7 29. Kd4 Ke8 30. Ke5 Kd7 31. Nf6+ 1-0

[Event "Challenge"]
[Site "http://www.queenalice.com/game.php?id=880619"]
[Date "2011.1.3"]
[Round "-"]
[White "anmarton"]
[Black "wombat"]
[Result "1-0"]
[WhiteElo "2015"]
[BlackElo "2193"]

1. Nf3 Nf6 2. g3 e6 3. Bg2 d5 4. O-O Be7 5. b3 O-O 6. Bb2 c5 7. d3 Nc6 8. Nbd2
Qc7 9. e4 d4 10. h3 b6 11. Nh2 e5 12. f4 a6 13. f5 b5 14. g4 1-0

[Event "gitanera"]
[Site "http://www.queenalice.com/game.php?id=886671"]
[Date "2011.1.15"]
[Round "-"]
[White "gitano"]
[Black "wombat"]
[Result "0-1"]
[WhiteElo "1680"]
[BlackElo "2240"]

1. e4 c6 2. d4 d5 3. Nc3 dxe4 4. Nxe4 Nd7 5. Nf3 Ngf6 6. Nxf6+ Nxf6 7. Bc4 Bf5
8. Ng5 e6 9. c3 Bd6 10. Be3 Qc7 11. Nf3 O-O 12. O-O c5 13. b3 cxd4 14. cxd4 Rfd8
15. Qc1 Rac8 16. Qb2 Ng4 17. g3 b5 18. Bxb5 Qb6 19. Qe2 Nxe3 20. fxe3 Rc2 21.
Nd2 Bb4 22. Rfd1 Rxd2 23. Rxd2 Bxd2 24. a4 Bb4 25. Qc4 a5 26. Rf1 h6 27. Qe2 Qb7
28. Qh5 Qe4 29. Rf4 Qxe3+ 30. Kg2 Rxd4 31. Rxd4 Qxd4 32. Qe2 Be4+ 33. Kh3 g5 34.
Qh5 Qf2 35. Be2 Bg2+ 36. Kg4 f5# 0-1

[Event "Challenge"]
[Site "http://www.queenalice.com/game.php?id=889005"]
[Date "2011.1.21"]
[Round "-"]
[White "yeye2"]
[Black "wombat"]
[Result "0-1"]
[WhiteElo "1641"]
[BlackElo "2189"]

1. Nf3 Nf6 2. b3 g6 3. e3 Bg7 4. Bb2 O-O 5. Bxf6 Bxf6 6. d4 c5 7. c3 b6 8. Qd2
Bb7 9. Be2 Nc6 10. g3 Rc8 11. h4 cxd4 12. cxd4 Ne5 13. dxe5 Bxf3 14. exf6 Bxh1
15. f3 Qc7 16. Kf2 Qe5 17. Qd4 Qxd4 18. exd4 Rc1 19. fxe7 Re8 20. Bd3 Rxe7 21.
a4 Ree1 22. d5 d6 23. b4 Red1 24. Ke2 Bxf3+ 25. Kxf3 Rxd3+ 26. Ke4 Rb3 27. Nd2
Rxb4+ 28. Kd3 Rxa1 29. Nc4 Rxc4 30. Kxc4 Rxa4+ 31. Kb5 Rg4 32. Ka6 Rxg3 0-1

[Event "Challenge"]
[Site "http://www.queenalice.com/game.php?id=889274"]
[Date "2011.1.21"]
[Round "-"]
[White "wombat"]
[Black "PROFILER"]
[Result "1-0"]
[WhiteElo "2198"]
[BlackElo "2156"]

1. d4 Nf6 2. c4 g6 3. Nc3 Bg7 4. e4 d6 5. Nf3 O-O 6. h3 e5 7. d5 a5 8. Bg5 Na6
9. g4 Nc5 10. Nd2 c6 11. Qf3 a4 12. Rg1 Ncd7 13. a3 Nc5 14. O-O-O Nb3+ 15. Nxb3
axb3 16. dxc6 bxc6 17. c5 Rxa3 18. bxa3 Qa5 19. Kb2 Be6 20. Bxf6 Ra8 21. Ra1
Qxc5 22. Bxg7 Qd4 23. Bh6 1-0

[Event "Challenge"]
[Site "http://www.queenalice.com/game.php?id=894464"]
[Date "2011.2.1"]
[Round "-"]
[White "eddval"]
[Black "wombat"]
[Result "1-0"]
[WhiteElo "2115"]
[BlackElo "2201"]

1. e4 c6 2. d4 d5 3. Nd2 dxe4 4. Nxe4 Nd7 5. Bc4 Ngf6 6. Ng5 e6 7. f4 Nb6 8. Bb3
c5 9. c3 cxd4 10. Qxd4 Qxd4 11. cxd4 Bb4+ 12. Bd2 Bxd2+ 13. Kxd2 O-O 14. N1f3 h6
15. Nh3 Bd7 16. Ne5 Bb5 17. Rhd1 Rfd8 18. Ke3 Nbd5+ 19. Kf3 a5 20. Rac1 a4 21.
Bc4 Bxc4 22. Rxc4 Ne8 23. Ng1 Nd6 24. Rcc1 1-0

[Event "Challenge"]
[Site "http://www.queenalice.com/game.php?id=900626"]
[Date "2011.2.14"]
[Round "-"]
[White "yeye2"]
[Black "wombat"]
[Result "0-1"]
[WhiteElo "1655"]
[BlackElo "2209"]

1. e4 c6 2. Nf3 d5 3. e5 Bg4 4. d4 e6 5. Be2 c5 6. Bb5+ Nc6 7. h3 Bxf3 8. Qxf3
Qa5+ 9. Nc3 cxd4 10. Bxc6+ bxc6 11. Bd2 dxc3 12. Qxc3 Qxc3 13. Bxc3 Ne7 14.
O-O-O c5 15. Bd2 Nc6 16. c3 Nxe5 17. Rhe1 Nc4 18. b3 Nxd2 19. Rxd2 Kd7 20. Kb2
g6 21. Ka3 c4+ 22. b4 a5 23. Kb2 axb4 24. Re3 bxc3+ 25. Kxc3 Bg7+ 26. Kb4 Rhb8+
27. Kc5 Ra5# 0-1

[Event "Challenge"]
[Site "http://www.queenalice.com/game.php?id=903325"]
[Date "2011.2.21"]
[Round "-"]
[White "wombat"]
[Black "eddval"]
[Result "1-0"]
[WhiteElo "2221"]
[BlackElo "2162"]

1. d4 Nf6 2. c4 e6 3. Nf3 Bb4+ 4. Nbd2 b6 5. a3 Bxd2+ 6. Qxd2 Bb7 7. e3 d6 8.
Be2 Ne4 9. Qc2 Nd7 10. O-O f5 11. d5 e5 12. Nd2 Ndf6 13. f4 Nxd2 14. Bxd2 e4 15.
Bc3 O-O 16. b4 Qe7 17. a4 Rae8 18. a5 Ra8 19. Ra2 Rfe8 20. Rfa1 Kf7 21. h3 Red8
22. axb6 axb6 23. Rxa8 Rxa8 24. Rxa8 Bxa8 25. Qa4 Bb7 26. Qa7 Bc8 27. Qb8 Qd8
28. g4 Ke7 29. g5 Ne8 30. Bd4 Ba6 31. Qa7 Qc8 32. Bxb6 Qb7 33. Qxb7 Bxb7 34. Bd4
g6 35. b5 Kf7 36. Kf2 Ng7 37. Bxg7 Kxg7 38. Ke1 Kf7 39. Kd2 Ke7 40. Kc3 Kd8 41.
Kb4 Kc8 42. h4 Kb8 43. h5 Kc8 44. hxg6 hxg6 45. Bh5 gxh5 46. g6 1-0

[Event "Challenge"]
[Site "http://www.queenalice.com/game.php?id=918357"]
[Date "2011.3.28"]
[Round "-"]
[White "Daciolg"]
[Black "wombat"]
[Result "0-1"]
[WhiteElo "2175"]
[BlackElo "2210"]

1. e4 c6 2. d4 d5 3. Nc3 dxe4 4. Nxe4 Nd7 5. Bd3 Ngf6 6. Ne2 Nxe4 7. Bxe4 Nf6 8.
Bd3 g6 9. O-O Bg7 10. c3 O-O 11. Bg5 Qb6 12. Qc2 e5 13. dxe5 Ng4 14. Nd4 Nxe5
15. Be4 f5 16. Bf3 Nxf3+ 17. Nxf3 Be6 18. Rfe1 Bd5 19. Ne5 Qc7 20. Nd3 Rfe8 21.
f3 Rxe1+ 22. Rxe1 Bxa2 23. b4 Bf7 24. Re7 Qb6+ 25. Nc5 Bf8 26. Qe2 Bxe7 27. Qxe7
Re8 28. Qf6 Qc7 29. f4 Bd5 30. Qd4 b6 31. Nd3 Re2 32. c4 Rxg2+ 33. Kf1 Be4 34.
Ne5 c5 35. bxc5 bxc5 0-1

[Event "Challenge"]
[Site "http://www.queenalice.com/game.php?id=925940"]
[Date "2011.4.14"]
[Round "-"]
[White "eddval"]
[Black "wombat"]
[Result "0-1"]
[WhiteElo "2138"]
[BlackElo "2231"]

1. e4 c6 2. d4 d5 3. Nd2 dxe4 4. Nxe4 Nd7 5. Bc4 Ngf6 6. Ng5 e6 7. N1f3 h6 8.
Nh3 g5 9. Nd2 Nb6 10. c3 c5 11. dxc5 Bxc5 12. O-O Qc7 13. Qe2 g4 14. Bb5+ Bd7
15. Bxd7+ Nbxd7 16. Nf4 Qxf4 17. Nb3 Qc7 18. Nxc5 Qxc5 19. Be3 Qe5 20. Rad1
O-O-O 21. Rd4 Nd5 22. Rc4+ Kb8 23. Rxg4 Nxe3 24. fxe3 f5 25. Rd4 Nf6 26. Qd2
Rxd4 27. exd4 Qd5 28. Qf4+ Ka8 29. Qc7 Rg8 30. Rf2 Ne4 31. Qh7 Qd8 32. Re2 Qg5
33. g3 Nxg3 34. hxg3 Qxg3+ 0-1

[Event "Challenge"]
[Site "http://www.queenalice.com/game.php?id=933398"]
[Date "2011.5.3"]
[Round "-"]
[White "eddval"]
[Black "wombat"]
[Result "0-1"]
[WhiteElo "2102"]
[BlackElo "2241"]

1. e4 c6 2. d4 d5 3. Nd2 dxe4 4. Nxe4 Nd7 5. Bc4 Ngf6 6. Ng5 e6 7. f4 Nb6 8. Bb3
c5 9. c3 cxd4 10. Qxd4 Qxd4 11. cxd4 Bb4+ 12. Bd2 Bxd2+ 13. Kxd2 O-O 14. N1f3 h6
15. Nh3 Bd7 16. Rhd1 Rfd8 17. Ne5 Bb5 18. Ke3 Nbd5+ 19. Kf3 a5 20. Rac1 a4 21.
Bc4 Bxc4 22. Rxc4 Ne8 23. Nf2 Nd6 24. Rcc1 Rac8 25. Ne4 Nxe4 26. Kxe4 a3 27.
Rxc8 Rxc8 28. Rd2 axb2 29. Rxb2 Rc3 30. Ng4 h5 31. Ke5 hxg4 32. Rxb7 Re3+ 33.
Kd6 Nxf4 34. a4 Ra3 35. Rb8+ Kh7 0-1

[Event "Challenge"]
[Site "http://www.queenalice.com/game.php?id=944535"]
[Date "2011.5.31"]
[Round "-"]
[White "yeye2"]
[Black "wombat"]
[Result "0-1"]
[WhiteElo "1734"]
[BlackElo "2258"]

1. e4 c6 2. d4 d5 3. Bf4 dxe4 4. Bxb8 Rxb8 5. Qe2 Qxd4 6. Qd2 Qxb2 7. Qc3 Qxc3+
8. Nxc3 Nf6 9. Be2 e5 10. Bc4 Bb4 11. Ne2 a5 12. O-O b5 13. Bb3 a4 14. Nxa4 bxa4
15. Bxa4 Bd7 16. Rab1 Ke7 17. c3 Bc5 18. Rb3 Ra8 19. Bxc6 Bxc6 20. Rb2 Rhb8 21.
Rxb8 Rxb8 22. h3 Rb2 23. Nc1 Bb5 24. Re1 Bxf2+ 0-1

[Event "Challenge"]
[Site "http://www.queenalice.com/game.php?id=957868"]
[Date "2011.7.7"]
[Round "-"]
[White "wombat"]
[Black "seoulmama"]
[Result "1-0"]
[WhiteElo "2249"]
[BlackElo "2151"]

1. d4 Nf6 2. c4 g6 3. Nc3 Bg7 4. e4 d6 5. h3 O-O 6. Nf3 Na6 7. Bg5 Qe8 8. Be2 e5
9. d5 h6 10. Be3 Nh5 11. g3 f5 12. exf5 gxf5 13. Nh4 Nf6 14. Qd2 Nc5 15. g4 f4
16. Bxc5 dxc5 17. O-O-O b5 18. cxb5 a6 19. d6 cxd6 20. Qxd6 axb5 21. Bxb5 Qf7
22. Nf3 e4 23. Ne5 Qa7 24. Bc4+ Kh7 25. Nxe4 Bb7 26. Ng5+ hxg5 27. h4 Bxh1 28.
Rxh1 Qb7 29. f3 gxh4 30. Rxh4+ Bh6 31. g5 Rad8 32. Rxh6+ Kg7 33. Qe6 Rd2 34.
gxf6+ 1-0

[Event "Challenge"]
[Site "http://www.queenalice.com/game.php?id=965560"]
[Date "2011.7.27"]
[Round "-"]
[White "wombat"]
[Black "seoulmama"]
[Result "1-0"]
[WhiteElo "2270"]
[BlackElo "2137"]

1. d4 Nf6 2. c4 g6 3. Nc3 Bg7 4. e4 d6 5. Nf3 O-O 6. h3 Na6 7. Bg5 Qe8 8. Be2 e5
9. d5 Nh5 10. g3 f6 11. Be3 f5 12. exf5 gxf5 13. Nh4 Nf6 14. Rg1 Bd7 15. Qd2 Nc5
16. g4 f4 17. Bxc5 dxc5 18. g5 Nh5 19. Bf3 e4 20. Nxe4 Qe5 21. O-O-O Be8 22. Qe2
Kh8 23. Rd2 Qe7 24. Re1 Qf7 25. Nxc5 b5 26. Ne6 bxc4 27. Nxf8 c3 28. bxc3 Qxf8
29. d6 Rb8 30. Rb2 Rxb2 31. Kxb2 Ba4 32. Qe7 Qb8+ 33. Ka3 Bxc3 34. Rb1 Qg8 35.
dxc7 1-0

[Event "Challenge"]
[Site "http://www.queenalice.com/game.php?id=966124"]
[Date "2011.7.28"]
[Round "-"]
[White "yeye2"]
[Black "wombat"]
[Result "0-1"]
[WhiteElo "1698"]
[BlackElo "2269"]

1. c4 Nf6 2. d3 e6 3. Bd2 d5 4. Nf3 c5 5. Qc2 Nc6 6. d4 cxd4 7. Qa4 dxc4 8. Nxd4
Qxd4 9. e3 Qxb2 10. Bc3 Bb4 11. Bxb4 Qxa1 12. Qc2 Nxb4 13. Qa4+ Nc6 14. Qc2 b5
15. Bxc4 bxc4 16. O-O Qe5 17. Qxc4 Bb7 18. f3 Qxe3+ 19. Kh1 O-O 20. Qb5 Rab8 21.
a4 Nd4 22. Qc5 Ba6 23. Rd1 Be2 24. Re1 Bxf3 25. gxf3 Qxe1+ 26. Kg2 Rb2+ 27. Kh3
Qf1+ 28. Kg3 Qxf3+ 29. Kh4 Qg4# 0-1

[Event "Challenge"]
[Site "http://www.queenalice.com/game.php?id=984524"]
[Date "2011.9.12"]
[Round "-"]
[White "yeye2"]
[Black "wombat"]
[Result "0-1"]
[WhiteElo "1724"]
[BlackElo "2310"]

1. e3 c5 2. d4 cxd4 3. Qxd4 Nc6 4. Qf4 e5 5. Qg3 d5 6. Bb5 f6 7. Ne2 Ne7 8. Qh4
Nf5 9. Qa4 Bd7 10. O-O a6 11. Bxc6 Bxc6 12. Qg4 Bd7 13. Qh3 Nd4 14. Qxd7+ Qxd7
15. exd4 e4 16. a3 Bd6 17. Nbc3 O-O 18. Bf4 g5 19. Bxd6 Qxd6 20. Rab1 b5 21. b4
Rac8 22. Rfc1 f5 23. f3 exf3 24. gxf3 Qe6 25. Kg2 Qe3 26. Nxd5 Qxe2+ 27. Kg3 f4+
28. Kg4 Qe6+ 29. Kxg5 Rf5+ 30. Kg4 Qg6+ 0-1

[Event "Challenge"]
[Site "http://www.queenalice.com/game.php?id=1002266"]
[Date "2011.10.28"]
[Round "-"]
[White "wombat"]
[Black "eddval"]
[Result "1-0"]
[WhiteElo "2296"]
[BlackElo "2169"]

1. d4 Nf6 2. c4 e6 3. Nf3 b6 4. g3 Bb7 5. Bg2 Bb4+ 6. Bd2 Qe7 7. O-O Bxd2 8.
Qxd2 d6 9. Nc3 Nbd7 10. Qc2 O-O 11. e4 e5 12. Rfe1 Rfe8 13. Nd5 Qd8 14. Rad1 h6
15. dxe5 Nxe5 16. Nxe5 Rxe5 17. f4 Re8 18. e5 Nxd5 19. cxd5 Rc8 20. e6 fxe6 21.
dxe6 Bxg2 22. Kxg2 Qf6 23. Rd2 g6 24. e7 c6 25. Qd3 d5 26. Rde2 Kf7 27. f5 Rc7
28. Rf2 g5 29. Re6 Qh8 30. Rxc6 Rcxe7 31. Qxd5+ Kf8 32. f6 Rf7 33. Re6 Rxe6 34.
Qxe6 Kg8 35. Qe8+ 1-0

[Event "Challenge"]
[Site "http://www.queenalice.com/game.php?id=1005045"]
[Date "2011.11.4"]
[Round "-"]
[White "eddval"]
[Black "wombat"]
[Result "0-1"]
[WhiteElo "2107"]
[BlackElo "2304"]

1. e4 c6 2. d4 d5 3. Nd2 dxe4 4. Nxe4 Nd7 5. Bc4 Ngf6 6. Ng5 e6 7. Qe2 Nb6 8.
Bb3 h6 9. N5f3 a5 10. a3 a4 11. Ba2 c5 12. Be3 Nbd5 13. dxc5 Nxe3 14. Qxe3 Qa5+
15. Qd2 Qc7 16. Ne2 Bxc5 17. Nc3 O-O 18. O-O Bd7 19. Rae1 Rfd8 20. Qe2 Bxa3 21.
bxa3 Qxc3 22. Qc4 Rac8 23. Qxc3 Rxc3 24. Re3 Rxc2 25. Bb1 Rb2 26. Rd1 Nd5 27.
Red3 Bb5 28. R3d2 Rxd2 29. Rxd2 Rc8 30. Rc2 Rxc2 31. Bxc2 Kf8 32. Nd4 Bd7 33.
Kf1 Ke7 34. g3 Kd6 35. Ke2 Kc5 36. Nf3 f6 37. Bd3 b5 38. Kd2 e5 39. h4 b4 40.
axb4+ Nxb4 41. Ne1 Nxd3 42. Kxd3 Kb4 43. Kc2 Bf5+ 44. Kb2 a3+ 45. Ka1 Be6 46.
Nd3+ Kc3 47. Nc5 Bd5 0-1